danny gonzalez slime lyrics - Statistics

General Stats
  • This quiz has been taken 8 times
  • The average score is 308 of 438
Answer Stats
Answer % Correct
free
100%
go
100%
her
100%
i
100%
make
100%
slime
100%
to
100%
you
100%
youtube
100%
a
83%
an
83%
and
83%
as
83%
be
83%
but
83%
cars
83%
clothes
83%
comfortable
83%
do
83%
girl
83%
got
83%
house
83%
if
83%
in
83%
know
83%
me
83%
money
83%
more
83%
my
83%
no
83%
on
83%
or
83%
post
83%
she
83%
shes
83%
shit
83%
so
83%
tell
83%
that
83%
the
83%
these
83%
this
83%
told
83%
wait
83%
wanna
83%
what
83%
when
83%
will
83%
your
83%
afford
67%
alone
67%
are
67%
askin
67%
ass
67%
ball
67%
bed
67%
believe
67%
bottles
67%
buy
67%
cant
67%
channel
67%
check
67%
checkin
67%
children
67%
club
67%
comes
67%
disgusted
67%
diys
67%
dont
67%
dope
67%
even
67%
eyes
67%
feel
67%
fuck
67%
get
67%
hard
67%
have
67%
hell
67%
how
67%
im
67%
is
67%
it
67%
ive
67%
keeps
67%
king
67%
long
67%
merch
67%
now
67%
only
67%
out
67%
pop
67%
queen
67%
really
67%
refunds
67%
searched
67%
sees
67%
sizes
67%
slip
67%
soft
67%
some
67%
their
67%
there
67%
theres
67%
videos
67%
waitress
67%
wont
67%
yellin
67%
youth
67%
about
50%
actor
50%
am
50%
at
50%
back
50%
bounce
50%
candy
50%
cool
50%
crazy
50%
demonitized
50%
doubt
50%
down
50%
drink
50%
friends
50%
goin
50%
had
50%
impressed
50%
lambo
50%
let
50%
lookin
50%
looks
50%
man
50%
model
50%
nary
50%
selling
50%
shorty
50%
shut
50%
small
50%
something
50%
subscriber
50%
the crib
50%
time
50%
totally
50%
unless
50%
up
50%
want
50%
we
50%
where
50%
with
50%
amounts
33%
bands
33%
by
33%
content
33%
couple
33%
dabbing
33%
demonetized
33%
eating
33%
every
33%
family
33%
flex
33%
foods
33%
friendly
33%
ice
33%
its
33%
like
33%
loud
33%
million
33%
neck
33%
off
33%
plaque
33%
pound
33%
put
33%
respect
33%
rollie
33%
said
33%
showed
33%
showin
33%
spicy
33%
step
33%
tesla
33%
thing
33%
throw
33%
twin
33%
understandably
33%
until
33%
was
33%
wrist
33%
yelling
33%
aint
17%
boy
17%
cause
17%
chains
17%
climbers
17%
david
17%
dobrik
17%
drinkin
17%
feelin
17%
makin
17%
next
17%
pullin
17%
sound
17%
those
17%
till
17%
No matching quizzes found
Score Distribution
Percent of People with Each Score
Percentile by Number Answered
Your Score History
You have not taken this quiz